Countries with the Least COVID-19 per 1m People - Statistics

General Stats
  • This quiz has been taken 19 times
    8 since last reset
  • The average score is 5 of 15
Answer Stats
Cases per 1m People Country % Correct
32 Fiji
67%
61 China
50%
19 East Timor
50%
40 Papua New Guinea
50%
18 Cambodia
33%
3 Laos
33%
8 Myanmar
33%
21 Taiwan
33%
9 Tanzania
33%
51 Thailand
33%
46 Uganda
33%
39 Burundi
17%
60 Chad
17%
11 Vietnam
17%
53 Niger
0%
No matching quizzes found
Score Distribution
Percent of People with Each Score
Percentile by Number Answered
Your Score History
You have not taken this quiz since the last reset